000 00384nam a22001697a 4500
005 20160528104256.0
008 160528b xxu||||| |||| 00| 0 eng d
020 _a0-07-053123-4
041 _aeng
082 _b5691
100 _aMoore, Geoffery and others
_91424
245 _aMarketing Minds
260 _bTMH
_c2004
300 _a183
650 _aManagement
_9241
942 _cBK
999 _c2018
_d2017